Sports Quiz

Random Sports Quiz

Cubs Home Runs Quiz Stats

Quiz not verified by Sporcle

Challenge
Share
Tweet
Embed
Score 0/25 Timer 06:00
0 Plays Today
Home Runs Player % Correct
545Sammy Sosa
99.1%
512Ernie Banks
96.5%
282Ryne Sandberg
90.3%
188Aramis Ramirez
86.4%
337Ron Santo
85.8%
163Derrek Lee
85.5%
392Billy Williams
78.5%
148Mark Grace
70.5%
174Andre Dawson
69.3%
190Hack Wilson
59%
94Dave Kingman
44%
122Jody Davis
40.4%
138Leon Durham
38.9%
Home Runs Player % Correct
107Shawon Dunston
37.5%
231Gabby Hartnett
37.2%
100Keith Moreland
28.6%
97Cap Anson
28.6%
198Hank Sauer
21.8%
106Rick Monday
19.2%
126Andy Pafko
12.4%
92Phil Cavarretta
11.8%
205Bill Nicholson
10.3%
97Jim Hickman
8.8%
91Frank Schulte
2.4%
99Jimmy Ryan
0.9%

You're not logged in!

Compare scores with friends on all Sporcle quizzes.
Join for Free
OR
Log In

You Might Also Like...

Show Comments

Extras

Created Mar 2, 2010SourceReportNominate
Tags:Chicago Cubs, home, player, run

Top Quizzes Today


Score Distribution

Your Account Isn't Verified!

In order to create a playlist on Sporcle, you need to verify the email address you used during registration. Go to your Sporcle Settings to finish the process.

Report this User

Report this user for behavior that violates our Community Guidelines.

Details: